Energía
محفوظ في:
| المؤلف الرئيسي: | |
|---|---|
| التنسيق: | كتاب |
| اللغة: | الإسبانية |
| منشور في: |
Madrid
Ediciones SM
1987
|
| سلاسل: | <El >Joven Investigador, 13
|
| الموضوعات: | |
| الوسوم: |
إضافة وسم
لا توجد وسوم, كن أول من يضع وسما على هذه التسجيلة!
|
MARC
| LEADER | 00000nam a2200000 a 4500 | ||
|---|---|---|---|
| 001 | UCH4088 | ||
| 003 | CL-VaPUC | ||
| 008 | 090818e19870000SP |||||||||||||||||spa|d | ||
| 020 | |a 8434822466 | ||
| 082 | 0 | 4 | |a 531.6 |b JEN |2 21 |
| 100 | |a Jennings, Terry |e author |9 543686 | ||
| 245 | 1 | 0 | |a Energía |
| 300 | |a 32 p | ||
| 942 | |c BK | ||
| 945 | |d 20090818 00:00:00 |a ccalabra | ||
| 260 | |a Madrid |b Ediciones SM |c 1987 | ||
| 650 | 0 | |a Física |9 227844 | |
| 650 | 0 | |a Recursos energéticos |9 263206 | |
| 650 | 7 | |a PETROLEO |2 CL-VaPUC |9 320865 | |
| 650 | 7 | |a CARBON |2 CL-VaPUC |9 268755 | |
| 650 | 0 | |a Geología |9 260984 | |
| 650 | 7 | |a GAS |2 CL-VaPUC |9 340305 | |
| 650 | 0 | |a Electricidad |9 260222 | |
| 650 | 7 | |a ENERGIA SOLAR |2 CL-VaPUC |9 539555 | |
| 583 | |a last modification |c 20090818 00:00:00 |k Rodrigo Vera | ||
| 490 | 0 | |a <El >Joven Investigador, 13 | |
| 999 | |c 335437 |d 335435 | ||